Rojak : hidangan certot (cerita-cerita kontot)

Main Author: Amir Muhammad
Other Authors: Chin, Yew
Language:Malay
Published: Petaling Jaya, Selangor: ZI Publications, 2011.
Subjects:
LEADER 01210cam a2200205 7i4500
001 0000097058
005 20120606090000.0
008 120606s2011 my may
020 # 0 |a 9789675266171  
090 0 0 |a PL 5138   |b .A45 2011 
100 0 # |a Amir Muhammad  
245 1 0 |a Rojak :   |b hidangan certot (cerita-cerita kontot)   |c Amir Muhammad ; lakaran oleh Chin Yew. 
260 # # |a Petaling Jaya, Selangor:   |b ZI Publications,   |c 2011. 
300 # # |a 143 p.:   |b ill.;   |c 19 cm.. 
500 # # |a Edisi Bahasa Inggeris, Rojak: bite-sized stories, pertama kali diterbitkan pada tahun 2010 
500 # # |a Edisi asal certot-certot dalam buku ini buat pertama kalinya diterbitkan dalam laman web: http://cityofsharedstorieskualalumpur.com. Edisi asal bagi cerita-cerita versi panjang di bahagian akhir buku ini telah diterbitkan dalam beberapa media cetak pada tahun 2010. 'The subversive sign-language switch of 1998' diterbitkan dalam majalah 'Off the edge' edisi Mac; 'Cempedak' dalam New Straits Times 24 Mac, dan 'The sex thing with tempoyak' dalam edisi Jun/Julai majalah M2 
590 # # |a Seksyen Perolehan PSNZ 
650 0 0 |a Short stories, Malay  
700 1 1 |a Chin, Yew  
999 |a 1100084541  |b Book  |c Open Shelf  |e KOLEKSI TERBUKA